[Event "Junior Online 4NCL Division 2"]
[Site "online"]
[Date "2020.06.04"]
[Round "8.76"]
[White "Ball, Charlie"]
[Black "Nagda, Maanav"]
[Result "0-1"]
[WhiteElo "1540"]
[BlackElo "1600"]
[PlyCount "50"]
[EventDate "2020.06.04"]
[WhiteTeam "St Albans Early Knights 1"]
[BlackTeam "Watford 1"]

1. e4 e6 2. d3 d5 3. Nd2 Nf6 4. Ngf3 Nc6 5. g3 Be7 6. Bg2 Bd7 7. e5 Ng8 8. O-O
Bc5 9. Nb3 Bb6 10. Bf4 Nge7 11. Re1 O-O 12. a4 a6 13. a5 Ba7 14. c3 Ng6 15. Bg5
Qe8 16. d4 Nge7 17. Qe2 Nf5 18. Bh3 Nfe7 19. Rad1 Kh8 20. Bg4 Ng8 21. Qe3 f6
22. Bf4 fxe5 23. dxe5 Nge7 24. Qd3 Ng6 25. Bh5 Nxf4 0-1

[Event "Junior Online 4NCL Division 2"]
[Site "online"]
[Date "2020.06.04"]
[Round "8.77"]
[White "Holland, Gabriella"]
[Black "Petcov, Andreas"]
[Result "1-0"]
[WhiteElo "1570"]
[BlackElo "1442"]
[PlyCount "81"]
[EventDate "2020.06.04"]
[WhiteTeam "Watford 1"]
[BlackTeam "St Albans Early Knights 1"]

1. e4 e5 2. Nf3 Nc6 3. d4 exd4 4. c3 dxc3 5. Bc4 cxb2 6. Bxb2 h6 7. O-O Nf6 8.
Nbd2 Bc5 9. h3 d6 10. Qb3 Be6 11. Bxe6 fxe6 12. Qxb7 Ne7 13. Qb5+ c6 14. Qc4
Qd7 15. e5 Nfd5 16. exd6 Qxd6 17. Bxg7 Rg8 18. Bxh6 Qg3 19. Bg5 Bb6 20. Ne4 Qc7
21. Bxe7 Qxe7 22. Qxc6+ Kf7 23. Neg5+ Kg6 24. Nxe6 Nf6 25. Qc2+ Kh6 26. Qd2+
Kh7 27. Neg5+ Kg7 28. Rfe1 Qb7 29. Ne6+ Kh7 30. Neg5+ Kg6 31. Qd3+ Kg7 32. Ne6+
Kh6 33. Qd2+ Kg6 34. Nh4+ Kf7 35. Ng5+ Kf8 36. Qd6+ Kg7 37. Ne6+ Kh6 38. Qf4+
Kh7 39. Qf5+ Kh6 40. Qxf6+ Kh5 41. Nf4# 1-0

[Event "Junior Online 4NCL Division 2"]
[Site "online"]
[Date "2020.06.04"]
[Round "8.78"]
[White "Petcov, Nichiforos"]
[Black "Morrell, Sean"]
[Result "0-1"]
[WhiteElo "1427"]
[BlackElo "1480"]
[PlyCount "82"]
[EventDate "2020.06.04"]
[WhiteTeam "St Albans Early Knights 1"]
[BlackTeam "Watford 1"]

1. e4 e6 2. Nc3 d5 3. d4 Bb4 4. Bd2 dxe4 5. a3 Bxc3 6. Bxc3 Nf6 7. f3 Nd5 8.
fxe4 Qh4+ 9. g3 Qxe4+ 10. Qe2 Nxc3 11. bxc3 Qc6 12. Bg2 Qxc3+ 13. Qd2 Qxa1+ 14.
Qd1 Qxd1+ 15. Kxd1 Nc6 16. Ne2 O-O 17. Ke1 Bd7 18. Kf2 Rfd8 19. Rf1 Be8 20.
Bxc6 Bxc6 21. Kg1 e5 22. c3 exd4 23. cxd4 Re8 24. Nf4 Rad8 25. Nh3 Rxd4 26. Ng5
f6 27. Nh3 Rd2 28. Nf2 Ree2 29. a4 Bxa4 30. h3 c5 31. g4 c4 32. g5 fxg5 33. h4
c3 34. hxg5 c2 35. g6 Rxf2 36. gxh7+ Kxh7 37. Ra1 Rg2+ 38. Kf1 Bb5+ 39. Ke1
Rde2+ 40. Kf1 Ref2+ 41. Ke1 Rf1# 0-1

[Event "Junior Online 4NCL Division 2"]
[Site "online"]
[Date "2020.06.04"]
[Round "8.81"]
[White "Sturge, Sam"]
[Black "Petkov, Anton"]
[Result "0-1"]
[WhiteElo "1660"]
[BlackElo "1793"]
[PlyCount "62"]
[EventDate "2020.06.04"]
[WhiteTeam "Surbiton Juniors A"]
[BlackTeam "TSK Tigers A"]

1. e4 c5 2. Nf3 g6 3. d4 cxd4 4. Nxd4 Bg7 5. Nc3 Nc6 6. Be3 Nf6 7. f3 d5 8. Bb5
Bd7 9. exd5 Nb4 10. Qd2 Nbxd5 11. Bxd7+ Qxd7 12. Nxd5 Qxd5 13. O-O O-O 14. c3
Rad8 15. Rfe1 Rfe8 16. Qc2 e5 17. Nb3 Qc6 18. Rad1 Nd5 19. Bf2 Nf4 20. Re4 Qc7
21. Rde1 Nd3 22. Rd1 Nxf2 23. Kxf2 Rxd1 24. Qxd1 Rd8 25. Qc2 b5 26. a3 a5 27.
Nd2 Qc5+ 28. Re3 Bh6 29. Ne4 Qxe3+ 30. Kg3 Qe1+ 31. Nf2 Rd2 0-1

[Event "Junior Online 4NCL Division 2"]
[Site "online"]
[Date "2020.06.04"]
[Round "8.82"]
[White "Wu, Yuxuan"]
[Black "Morrison, Joseph"]
[Result "1/2-1/2"]
[WhiteElo "1523"]
[BlackElo "1465"]
[PlyCount "88"]
[EventDate "2020.06.04"]
[WhiteTeam "TSK Tigers A"]
[BlackTeam "Surbiton Juniors A"]

1. d4 d5 2. c4 e5 3. cxd5 Qxd5 4. Nc3 Qxd4 5. Qxd4 exd4 6. Nb5 Kd7 7. Bf4 Na6
8. Nxd4 Nf6 9. O-O-O Ke8 10. e3 Bd6 11. Bxd6 cxd6 12. Ngf3 Bd7 13. Kb1 Ke7 14.
Nb5 Bxb5 15. Bxb5 Nc5 16. Nd4 a6 17. Be2 Rac8 18. Bf3 d5 19. Nf5+ Kf8 20. Bxd5
Nxd5 21. Rxd5 g6 22. Nd4 Kg7 23. Nf3 h6 24. Rc1 Ne6 25. Rdd1 h5 26. Rxc8 Rxc8
27. a3 b5 28. Ne5 Rc7 29. Rd7 Rxd7 30. Nxd7 Kh6 31. Nb8 Nc7 32. h4 f6 33. f4 g5
34. hxg5+ fxg5 35. Kc2 g4 36. Kd2 h4 37. Ke2 Kh5 38. Kf2 a5 39. Nc6 a4 40. Nd4
Kg6 41. Kg1 Kf6 42. Kf2 Kg6 43. Kg1 Kf6 44. Kf2 Kg6 1/2-1/2

[Event "Junior Online 4NCL Division 2"]
[Site "online"]
[Date "2020.06.04"]
[Round "8.83"]
[White "Pai, Anay"]
[Black "Swamy, Anshul"]
[Result "1/2-1/2"]
[WhiteElo "1412"]
[BlackElo "1472"]
[PlyCount "102"]
[EventDate "2020.06.04"]
[WhiteTeam "Surbiton Juniors A"]
[BlackTeam "TSK Tigers A"]

1. Nf3 d5 2. e4 dxe4 3. Ng5 Nf6 4. d3 exd3 5. Bxd3 e5 6. Nc3 Be7 7. Be3 Nc6 8.
O-O O-O 9. h3 h6 10. Nf3 Re8 11. a3 Bd6 12. Bb5 a6 13. Bxc6 bxc6 14. Qe2 Bb7
15. Rad1 Qe7 16. Rfe1 Nd5 17. Bc1 Nxc3 18. bxc3 Bxa3 19. Bxa3 Qxa3 20. Nxe5 f6
21. Qc4+ Kh8 22. Nf7+ Kh7 23. Rxe8 Rxe8 24. Qd3+ g6 25. Qd7 Qe7 26. Qxe7 Rxe7
27. Nd8 Ba8 28. g4 a5 29. Ra1 Re8 30. Nf7 Re7 31. Nd8 Rd7 32. Nxc6 Bxc6 33.
Rxa5 Rd2 34. Rc5 Rd1+ 35. Kh2 Rh1+ 36. Kg3 Rg1+ 37. Kf4 Bg2 38. Rxc7+ Kg8 39.
Rc8+ Kf7 40. Rc7+ Ke8 41. Rh7 Bxh3 42. Rxh6 Rxg4+ 43. Ke3 Bf1 44. Rh1 Ba6 45.
Ra1 Bb7 46. Ra7 Bc6 47. Ra6 Kd7 48. Ra7+ Kd6 49. Ra6 Rc4 50. Kd3 Rf4 51. Ke3
Rc4 1/2-1/2

[Event "Junior Online 4NCL Division 2"]
[Site "online"]
[Date "2020.06.04"]
[Round "8.84"]
[White "Hoccom, Sebastian"]
[Black "Solanki, Rohan"]
[Result "0-1"]
[WhiteElo "900"]
[BlackElo "1315"]
[PlyCount "82"]
[EventDate "2020.06.04"]
[WhiteTeam "TSK Tigers A"]
[BlackTeam "Surbiton Juniors A"]

1. e4 Nc6 2. Nf3 d6 3. Nc3 Nf6 4. h3 e6 5. Bb5 Bd7 6. O-O a6 7. Bxc6 Bxc6 8.
Re1 Be7 9. d4 O-O 10. d5 exd5 11. exd5 Nxd5 12. Nxd5 Bxd5 13. Qxd5 c6 14. Qd3
Re8 15. Bf4 g5 16. Bxd6 Bxd6 17. Rxe8+ Qxe8 18. Qxd6 Rd8 19. Qg3 Rd5 20. b3 Qe2
21. Qb8+ Kg7 22. Qxb7 Qxc2 23. Qxa6 h5 24. Re1 g4 25. hxg4 hxg4 26. Nh2 Rf5 27.
Qa3 Qxf2+ 28. Kh1 Qxe1+ 29. Nf1 Qxf1+ 30. Kh2 Rh5+ 31. Kg3 Qe2 32. b4 Qe1+ 33.
Kf4 Qf2+ 34. Kxg4 Qh4+ 35. Kf3 Rf5+ 36. Ke2 Qf2+ 37. Kd1 Rd5+ 38. Kc1 Qd2+ 39.
Kb1 Qd1+ 40. Kb2 Rd2+ 41. Kc3 Qc2# 0-1

[Event "Junior Online 4NCL Division 2"]
[Site "online"]
[Date "2020.06.04"]
[Round "8.85"]
[White "Petkov, Anton"]
[Black "Sturge, Sam"]
[Result "1-0"]
[WhiteElo "1793"]
[BlackElo "1660"]
[PlyCount "143"]
[EventDate "2020.06.04"]
[WhiteTeam "TSK Tigers A"]
[BlackTeam "Surbiton Juniors A"]

1. e4 e6 2. d4 d5 3. e5 c5 4. c3 Nc6 5. Nf3 Qb6 6. Bd3 cxd4 7. cxd4 Nb4 8. Be2
Ne7 9. O-O Nf5 10. a3 Nc6 11. g4 Nfxd4 12. Nxd4 Nxd4 13. Be3 Nxe2+ 14. Qxe2 Qc7
15. Bf4 Be7 16. Nc3 a6 17. Rac1 Qd8 18. a4 Bd7 19. Rfd1 O-O 20. Rd3 h6 21. Rh3
Rc8 22. Qe3 Bg5 23. Rh5 Bxf4 24. Qxf4 f6 25. Qe3 fxe5 26. Rxe5 Rc4 27. h3 d4
28. Qd3 dxc3 29. Qxc4 Qf6 30. Qe2 cxb2 31. Qxb2 Bxa4 32. Rce1 Bd7 33. Qd2 Rd8
34. Qb4 Bb5 35. Rxe6 Qf7 36. Re7 Qf6 37. Rxb7 Rf8 38. Qb3+ Kh8 39. Qe3 Bc6 40.
Rb6 Qf3 41. Qxf3 Bxf3 42. Rxa6 Bb7 43. Rb6 Bc8 44. Re7 Kg8 45. Rc6 h5 46. Rcc7
Kh8 47. Rxg7 Rd8 48. Rh7+ Kg8 49. Rxh5 Rd1+ 50. Kg2 Rd8 51. Rg5+ Kh8 52. h4 Rf8
53. h5 Re8 54. h6 Rf8 55. h7 Ba6 56. Rg8+ Rxg8 57. hxg8=Q+ Kxg8 58. f4 Be2 59.
g5 Bg4 60. Kg3 Bf5 61. Kh4 Bg6 62. Kg4 Bc2 63. f5 Bd1+ 64. Kf4 Bh5 65. g6 Bd1
66. Kg5 Bb3 67. f6 Bf7 68. gxf7+ Kf8 69. Rc8+ Kxf7 70. Rc7+ Kg8 71. Kg6 Kf8 72.
Rc8# 1-0

[Event "Junior Online 4NCL Division 2"]
[Site "online"]
[Date "2020.06.04"]
[Round "8.86"]
[White "Morrison, Joseph"]
[Black "Wu, Yuxuan"]
[Result "1/2-1/2"]
[WhiteElo "1465"]
[BlackElo "1523"]
[PlyCount "115"]
[EventDate "2020.06.04"]
[WhiteTeam "Surbiton Juniors A"]
[BlackTeam "TSK Tigers A"]

1. c4 Nf6 2. Nc3 g6 3. g3 Bg7 4. Bg2 O-O 5. Nf3 d6 6. O-O Nc6 7. d3 e5 8. Bg5
h6 9. Bxf6 Bxf6 10. Nd5 Bg7 11. Nd2 Be6 12. e4 Ne7 13. a3 Nxd5 14. cxd5 Bd7 15.
Rc1 f5 16. f3 f4 17. g4 c6 18. dxc6 Bxc6 19. Nc4 d5 20. Nd2 dxe4 21. dxe4 Qb6+
22. Kh1 Qxb2 23. Qb3+ Qxb3 24. Nxb3 Rac8 25. Rfd1 Ba4 26. Rxc8 Rxc8 27. Rc1
Rxc1+ 28. Nxc1 Bf8 29. Nd3 Bd6 30. Kg1 Kf7 31. Kf2 Ke6 32. Bh3 g5 33. Bf1 Bxa3
34. Ke2 Bb5 35. Kd2 Bxd3 36. Bxd3 Bb4+ 37. Kc2 a5 38. Kb3 b6 39. Ka4 Bc5 40.
Kb5 Kd6 41. Bc4 Ke7 42. Bb3 Kf6 43. Bc4 Kg6 44. Bb3 h5 45. h3 hxg4 46. hxg4 Kf6
47. Bc4 Ke7 48. Bb3 Bd4 49. Ba4 Kd6 50. Bb3 Bc5 51. Ba4 Be3 52. Bb3 Bd4 53. Ba4
Kc7 54. Bb3 Bc3 55. Ba4 Bb4 56. Bb3 Bc5 57. Ba4 Bf2 58. Bb3 1/2-1/2

[Event "Junior Online 4NCL Division 2"]
[Site "online"]
[Date "2020.06.04"]
[Round "8.87"]
[White "Swamy, Anshul"]
[Black "Pai, Anay"]
[Result "1-0"]
[WhiteElo "1472"]
[BlackElo "1412"]
[PlyCount "43"]
[EventDate "2020.06.04"]
[WhiteTeam "TSK Tigers A"]
[BlackTeam "Surbiton Juniors A"]

1. e4 e5 2. Nf3 Nc6 3. Nc3 Nf6 4. d4 d6 5. dxe5 dxe5 6. Qxd8+ Nxd8 7. Nxe5 Bd6
8. Nf3 Bg4 9. e5 Bxf3 10. exd6 O-O 11. gxf3 Re8+ 12. Be3 Ne6 13. dxc7 Nxc7 14.
O-O-O b5 15. Bxb5 Nxb5 16. Nxb5 a6 17. Nc7 Rad8 18. Nxe8 Rxd1+ 19. Rxd1 Nxe8
20. Rd8 Kf8 21. Bc5+ Kg8 22. Rxe8# 1-0

[Event "Junior Online 4NCL Division 2"]
[Site "online"]
[Date "2020.06.04"]
[Round "8.88"]
[White "Solanki, Rohan"]
[Black "Hoccom, Sebastian"]
[Result "1-0"]
[WhiteElo "1315"]
[BlackElo "900"]
[PlyCount "61"]
[EventDate "2020.06.04"]
[WhiteTeam "Surbiton Juniors A"]
[BlackTeam "TSK Tigers A"]

1. e4 e5 2. Bc4 Nf6 3. Nc3 Nc6 4. Nf3 h6 5. d4 exd4 6. Nxd4 Bb4 7. Nxc6 bxc6 8.
Bd2 O-O 9. a3 Bxc3 10. Bxc3 d5 11. e5 dxc4 12. exf6 Qxd1+ 13. Rxd1 Re8+ 14. Kf1
Re7 15. fxe7 Bf5 16. Re1 Re8 17. Ba5 Bxc2 18. Bxc7 Bd3+ 19. Kg1 f5 20. Bd6 Kf7
21. Re3 Rb8 22. Bxb8 Ke8 23. Bxa7 c5 24. Bxc5 c3 25. bxc3 Bf1 26. Kxf1 f4 27.
Rd3 g5 28. Rd8+ Kf7 29. Rf8+ Kg6 30. e8=Q+ Kh7 31. Qf7# 1-0

[Event "Junior Online 4NCL Division 3"]
[Site "online"]
[Date "2020.04.16"]
[Round "1.11"]
[White "Surapaneni, Rohit"]
[Black "Ray, Hiya"]
[Result "0-1"]
[WhiteElo "1465"]
[BlackElo "1823"]
[PlyCount "58"]
[EventDate "2020.04.16"]
[WhiteTeam "Cheshire8Z"]
[BlackTeam "St John's College A"]

1. d4 Nf6 2. c4 c5 3. e3 cxd4 4. exd4 d5 5. c5 Nc6 6. Nf3 Bg4 7. Be2 e6 8. Nc3
Be7 9. h3 Bh5 10. O-O O-O 11. Bf4 Ne4 12. Ne5 Nxe5 13. Nxe4 Bxe2 14. Qxe2 Ng6
15. Bd6 dxe4 16. Bxe7 Qxe7 17. Qxe4 Rfd8 18. Rad1 Rd5 19. Rfe1 Rad8 20. Rd3 e5
21. Red1 Qd7 22. Ra3 exd4 23. Rxa7 Qc6 24. Qe3 dxe3 25. Rxd5 Qxd5 26. fxe3 Qd1+
27. Kh2 Qe2 28. Rxb7 Nh4 29. Kh1 Qxg2# 0-1

[Event "Junior Online 4NCL Division 3"]
[Site "online"]
[Date "2020.04.16"]
[Round "1.12"]
[White "Choudhury, Anish"]
[Black "Surapaneni, Rahul"]
[Result "1-0"]
[WhiteElo "1448"]
[BlackElo "1442"]
[PlyCount "87"]
[EventDate "2020.04.16"]
[WhiteTeam "St John's College A"]
[BlackTeam "Cheshire8Z"]

1. e4 c5 2. d4 cxd4 3. c3 Nf6 4. e5 Ng8 5. cxd4 f6 6. f4 fxe5 7. fxe5 d6 8.
exd6 Qxd6 9. Nf3 Nc6 10. Nc3 Bg4 11. Be2 Bxf3 12. Bxf3 Qxd4 13. Qxd4 Nxd4 14.
O-O Rb8 15. Be3 Nc2 16. Bxa7 Ra8 17. Nb5 Rxa7 18. Nxa7 Nxa1 19. Rxa1 b6 20.
Bc6+ Kd8 21. Rd1+ Kc7 22. Rd7+ Kb8 23. Rd8+ Kxa7 24. Rxf8 h6 25. Bd5 Ka6 26.
Bxg8 Ka5 27. Ra8+ Kb4 28. a3+ Kc5 29. b4+ Kd4 30. Rd8+ Kc3 31. Rc8+ Kb2 32. a4
Ka3 33. a5 h5 34. axb6 Rh6 35. b7 Rb6 36. b8=Q Rxb8 37. Rxb8 g6 38. b5 e5 39.
b6 e4 40. b7 e3 41. Rc8 e2 42. Kf2 g5 43. b8=Q g4 44. Qb3# 1-0

[Event "Junior Online 4NCL Division 3"]
[Site "online"]
[Date "2020.04.16"]
[Round "1.13"]
[White "Epstein, Jacob"]
[Black "Nukalapati, Sarthak"]
[Result "1-0"]
[WhiteElo "1427"]
[BlackElo "1322"]
[PlyCount "131"]
[EventDate "2020.04.16"]
[WhiteTeam "Cheshire8Z"]
[BlackTeam "St John's College A"]

1. e4 e5 2. Nf3 Nc6 3. Bc4 Nf6 4. d3 Bc5 5. Bg5 h6 6. Bh4 O-O 7. Nc3 Be7 8. O-O
d6 9. h3 Be6 10. Bb3 Bxb3 11. axb3 Nd7 12. Bxe7 Qxe7 13. Nd5 Qd8 14. c3 Nf6 15.
Nxf6+ Qxf6 16. b4 a6 17. Qe2 Rfe8 18. Rfe1 Rad8 19. b3 Qe6 20. Nd2 d5 21. exd5
Qxd5 22. Nc4 Qxd3 23. Qh5 Qg6 24. Qxg6 fxg6 25. Rad1 Rxd1 26. Rxd1 b5 27. Ne3
Rd8 28. Rxd8+ Nxd8 29. Nd5 c6 30. Nc7 Kf7 31. Nxa6 Ke7 32. Nc5 Kd6 33. c4 bxc4
34. bxc4 Ne6 35. Nxe6 Kxe6 36. f3 Kd6 37. Kf2 c5 38. b5 Kc7 39. Ke3 Kb6 40. Ke4
Ka5 41. Kxe5 Kb4 42. Kd5 Ka5 43. Kxc5 g5 44. Kd6 Kb6 45. g3 h5 46. c5+ Kb7 47.
c6+ Kc8 48. b6 Kb8 49. Kd7 Ka8 50. c7 Kb7 51. c8=Q+ Kxb6 52. Qc6+ Ka5 53. Qd5+
Kb4 54. Qxg5 g6 55. Qxg6 Kc3 56. Qxh5 Kd3 57. Qe5 Kc2 58. Qd4 Kb1 59. Qc3 Ka2
60. Qb4 Ka1 61. Qb7 Ka2 62. Kc6 Ka3 63. Kc5 Ka2 64. Kc4 Ka1 65. Kc3 Ka2 66.
Qb2# 1-0

[Event "Junior Online 4NCL Division 3"]
[Site "online"]
[Date "2020.04.16"]
[Round "1.14"]
[White "Dantu, Sridatta"]
[Black "Goldsmith, Max"]
[Result "1-0"]
[WhiteElo "1368"]
[BlackElo "1405"]
[PlyCount "69"]
[EventDate "2020.04.16"]
[WhiteTeam "St John's College A"]
[BlackTeam "Cheshire8Z"]

1. e4 e5 2. Nf3 Nc6 3. Bc4 Bc5 4. c3 Nf6 5. d4 exd4 6. cxd4 Bb6 7. e5 Ng4 8. h3
Nh6 9. O-O O-O 10. Bxh6 gxh6 11. Qd2 d5 12. Bd3 Nxd4 13. Nxd4 Bxd4 14. Qxh6 Re8
15. Bxh7+ Kh8 16. Bd3+ Kg8 17. Qh7+ Kf8 18. Qh8+ Ke7 19. Qf6+ Kf8 20. Qh6+ Ke7
21. Qg5+ Kf8 22. Qh6+ Ke7 23. Qh4+ Kf8 24. Qxd4 Qe7 25. Re1 Qg5 26. Re3 Be6 27.
Nc3 c6 28. Qc5+ Kg8 29. Rg3 Qxg3 30. fxg3 Kh8 31. Qe3 Kg8 32. Qh6 Rad8 33. Rf1
d4 34. Ne4 Bd5 35. Nf6# 1-0

[Event "Junior Online 4NCL Division 3"]
[Site "online"]
[Date "2020.04.16"]
[Round "1.15"]
[White "Ray, Hiya"]
[Black "Surapaneni, Rohit"]
[Result "1-0"]
[WhiteElo "1823"]
[BlackElo "1465"]
[PlyCount "99"]
[EventDate "2020.04.16"]
[WhiteTeam "St John's College A"]
[BlackTeam "Cheshire8Z"]

1. d4 d5 2. Nf3 Nc6 3. c4 e6 4. Nc3 Nf6 5. g3 Bb4 6. Bd2 O-O 7. Bg2 Bd7 8. cxd5
exd5 9. O-O Qc8 10. a3 Bxc3 11. Bxc3 Bh3 12. Qc2 Bxg2 13. Kxg2 Ne4 14. Bd2 Nxd2
15. Qxd2 Re8 16. e3 Re6 17. Rac1 Rh6 18. h4 f6 19. Qe2 g5 20. Rh1 g4 21. Nd2 f5
22. Nb3 Qe8 23. Qd3 Qe4+ 24. Qxe4 dxe4 25. Rc5 Rf6 26. d5 Ne7 27. Rxc7 Nxd5 28.
Rxb7 Rc6 29. Nd4 Rf6 30. Rc1 h5 31. Rc5 Nb6 32. Rc6 Rxc6 33. Nxc6 Nd5 34. Rb5
Nc7 35. Rxf5 a6 36. Rxh5 Ne6 37. Re5 Nc7 38. Rxe4 Nb5 39. Rxg4+ Kh7 40. Ne5 Rc8
41. Kf3 Rc2 42. a4 Nd6 43. b4 Ra2 44. a5 Rc2 45. h5 Kh6 46. Rg6+ Kxh5 47. Rxd6
Rb2 48. g4+ Kg5 49. Nf7+ Kh4 50. Rh6# 1-0

[Event "Junior Online 4NCL Division 3"]
[Site "online"]
[Date "2020.04.16"]
[Round "1.16"]
[White "Surapaneni, Rahul"]
[Black "Choudhury, Anish"]
[Result "1-0"]
[WhiteElo "1442"]
[BlackElo "1448"]
[PlyCount "49"]
[EventDate "2020.04.16"]
[WhiteTeam "Cheshire8Z"]
[BlackTeam "St John's College A"]

1. g3 e5 2. Bg2 d5 3. e4 d4 4. d3 c5 5. c3 Nc6 6. Nf3 Qb6 7. Na3 f5 8. Nc4 Qc7
9. Ncd2 Nf6 10. Nh4 fxe4 11. Nxe4 Nxe4 12. Bxe4 Be7 13. Nf3 O-O 14. Qe2 Bg4 15.
h3 Bh5 16. g4 Bg6 17. Bxg6 hxg6 18. Bg5 Bxg5 19. Nxg5 dxc3 20. bxc3 Rae8 21.
Qe4 Rf4 22. Qxg6 e4 23. Qxe8+ Rf8 24. Qxe4 Qd7 25. Qh7# 1-0

[Event "Junior Online 4NCL Division 3"]
[Site "online"]
[Date "2020.04.16"]
[Round "1.17"]
[White "Nukalapati, Sarthak"]
[Black "Epstein, Jacob"]
[Result "1-0"]
[WhiteElo "1322"]
[BlackElo "1427"]
[PlyCount "50"]
[EventDate "2020.04.16"]
[WhiteTeam "St John's College A"]
[BlackTeam "Cheshire8Z"]

1. e4 e5 2. Nf3 Nc6 3. Nc3 Nf6 4. d4 exd4 5. Nxd4 Nxd4 6. Qxd4 d6 7. Bg5 h6 8.
Bh4 Be6 9. O-O-O Be7 10. Qb4 b6 11. Bb5+ Bd7 12. e5 Nd5 13. Bxd7+ Qxd7 14. Nxd5
Bxh4 15. Qxh4 c6 16. Nc3 d5 17. Rhe1 O-O 18. Re3 d4 19. Rxd4 Qf5 20. Rf3 Qxe5
21. Re4 Qc7 22. Rg4 Qd6 23. Rfg3 g5 24. Rxg5+ hxg5 25. Rxg5+ Qg6 1-0

[Event "Junior Online 4NCL Division 3"]
[Site "online"]
[Date "2020.04.16"]
[Round "1.18"]
[White "Goldsmith, Max"]
[Black "Dantu, Sridatta"]
[Result "1-0"]
[WhiteElo "1405"]
[BlackElo "1368"]
[PlyCount "71"]
[EventDate "2020.04.16"]
[WhiteTeam "Cheshire8Z"]
[BlackTeam "St John's College A"]

1. e4 d5 2. d3 dxe4 3. dxe4 Qxd1+ 4. Kxd1 Nc6 5. Nf3 Bg4 6. Be2 O-O-O+ 7. Nfd2
Bxe2+ 8. Kxe2 Nb4 9. Nc3 Nxc2 10. Rb1 Nd4+ 11. Kf1 Nf6 12. b3 e5 13. Bb2 Nc2
14. Nf3 Bb4 15. Nxe5 Bxc3 16. Bxc3 Rhf8 17. g3 Nxe4 18. Rc1 Nxc3 19. Rxc2 Rd1+
20. Kg2 Ne4 21. Rxd1 Nd6 22. Rdc1 c6 23. a4 f6 24. Nf3 g5 25. b4 a6 26. Nd4 Kd7
27. Re1 g4 28. Ne6 Rg8 29. Rd2 h5 30. Red1 Kxe6 31. Rxd6+ Ke7 32. Rd7+ Ke6 33.
R1d6+ Ke5 34. h4 f5 35. f4+ Ke4 36. Re6# 1-0

[Event "Junior Online 4NCL Division 3"]
[Site "online"]
[Date "2020.04.16"]
[Round "1.21"]
[White "Ghosh, Kabir A"]
[Black "Sankar, Dheekshitha"]
[Result "1-0"]
[WhiteElo "1622"]
[BlackElo "1510"]
[PlyCount "93"]
[EventDate "2020.04.16"]
[WhiteTeam "Dulwich College Junior"]
[BlackTeam "Harrow Juniors B"]

1. c4 e5 2. Nc3 d6 3. Nf3 Nc6 4. e3 Nf6 5. Be2 Bf5 6. a3 a5 7. O-O Be7 8. d4 e4
9. Nd2 O-O 10. Qc2 d5 11. cxd5 Nxd5 12. Ncxe4 Bd6 13. Bd3 Qh4 14. Nxd6 Bxd3 15.
Qxd3 cxd6 16. Nf3 Qh5 17. Bd2 Rfe8 18. Rfe1 Nf6 19. Qe2 Re4 20. h3 Rae8 21.
Rad1 Nxd4 22. Nxd4 Qxe2 23. Nxe2 R8e5 24. Bc3 Rf5 25. Ng3 Rg5 26. Nxe4 Nxe4 27.
Rd4 d5 28. Bxa5 Rf5 29. Rc1 h6 30. f3 Nd6 31. Rc7 Kh7 32. Rc5 Rg5 33. Rcxd5
Rxd5 34. Rxd5 Ne8 35. Rd8 Nf6 36. Bc3 b5 37. Bxf6 gxf6 38. Rb8 b4 39. Rxb4 Kg6
40. a4 Kf5 41. a5 Ke6 42. a6 Kd7 43. a7 Kc8 44. a8=Q+ Kd7 45. Rb6 Kc7 46. Qa7+
Kd8 47. Rb8# 1-0

[Event "Junior Online 4NCL Division 3"]
[Site "online"]
[Date "2020.04.16"]
[Round "1.22"]
[White "Patel, Krrish"]
[Black "Nguyen, Ryan"]
[Result "1-0"]
[WhiteElo "1517"]
[BlackElo "1517"]
[PlyCount "165"]
[EventDate "2020.04.16"]
[WhiteTeam "Harrow Juniors B"]
[BlackTeam "Dulwich College Junior"]

1. d4 Nf6 2. Bf4 e6 3. Nf3 c5 4. c3 b6 5. e3 Be7 6. Be2 O-O 7. O-O Bb7 8. Nbd2
cxd4 9. exd4 d6 10. Bg3 Nbd7 11. Qc2 Rc8 12. Rac1 Re8 13. Qb1 Nf8 14. Rfe1 Ng6
15. Bd1 Nh5 16. Nf1 Nxg3 17. Nxg3 Nh4 18. Nxh4 Bxh4 19. Bc2 h6 20. Be4 Bxe4 21.
Qxe4 d5 22. Qe2 Bg5 23. Rcd1 Qd6 24. Rf1 Qc6 25. f4 Be7 26. Qf3 Qc4 27. Ra1 b5
28. Rfc1 Qc7 29. Qe3 Qd7 30. a3 a5 31. h3 b4 32. axb4 axb4 33. Ne2 Rc7 34. g3
Rec8 35. Kg2 bxc3 36. bxc3 Qd6 37. Qe5 Qxe5 38. fxe5 Bg5 39. Rc2 Be7 40. Rcc1
f6 41. exf6 Bxf6 42. h4 e5 43. dxe5 Bxe5 44. Ra3 d4 45. cxd4 Rxc1 46. Nxc1 Bxd4
47. Ne2 Rc2 48. Kf3 Bf6 49. Nf4 Kh7 50. Ra7 Rc3+ 51. Kg4 Rc4 52. Kh3 Rc3 53.
Kg2 Re3 54. Nh5 Re6 55. Nxf6+ Rxf6 56. Ra2 Rf7 57. Re2 g6 58. Kh3 h5 59. Re5
Kh6 60. Rg5 Rf5 61. Rxf5 gxf5 62. Kg2 Kg6 63. Kf3 Kf6 64. Kf4 Kg6 65. Ke5 Kh6
66. Kxf5 Kh7 67. Kg5 Kg7 68. Kxh5 Kf6 69. Kh6 Kf5 70. Kh5 Kf6 71. g4 Kg7 72. g5
Kh7 73. Kg4 Kg6 74. h5+ Kg7 75. Kf5 Kf7 76. h6 Kg8 77. g6 Kh8 78. Kg5 Kg8 79.
h7+ Kh8 80. Kf5 Kg7 81. h8=Q+ Kxh8 82. Kf6 Kg8 83. g7 1-0

[Event "Junior Online 4NCL Division 3"]
[Site "online"]
[Date "2020.04.16"]
[Round "1.23"]
[White "Avril, Aaran"]
[Black "Parikh, Naavya"]
[Result "1-0"]
[WhiteElo "1375"]
[BlackElo "1375"]
[PlyCount "115"]
[EventDate "2020.04.16"]
[WhiteTeam "Dulwich College Junior"]
[BlackTeam "Harrow Juniors B"]

1. e4 e5 2. Nf3 Nc6 3. Bb5 Nd4 4. Nxd4 exd4 5. d3 c6 6. Bc4 d5 7. exd5 cxd5 8.
Qe2+ Ne7 9. Bb3 Qd6 10. Bg5 f6 11. Bh4 Qe6 12. Ba4+ Nc6 13. Qxe6+ Bxe6 14. O-O
O-O-O 15. Nd2 Nb4 16. Nf3 Bc5 17. a3 Nc6 18. b4 Bb6 19. Rfe1 Rd6 20. Bg3 Ne5
21. Nxe5 fxe5 22. Bxe5 Rdd8 23. Bxg7 Rhg8 24. Bf6 Rdf8 25. Be7 Bd7 26. Bxd7+
Kxd7 27. Bxf8 Rxf8 28. Re2 Kc8 29. Rae1 Bd8 30. Re5 Kc7 31. Rxd5 Bf6 32. Rf5
Kd8 33. g4 Be7 34. Rxf8+ Bxf8 35. f4 Bd6 36. Rf1 Ke7 37. g5 Kf7 38. Kg2 Kg7 39.
Kg3 h6 40. gxh6+ Kxh6 41. Kg4 Kg6 42. f5+ Kf6 43. h4 Bf8 44. h5 Bh6 45. Re1 Be3
46. Rb1 Bh6 47. b5 b6 48. Rb4 Be3 49. Rc4 Ke5 50. Rc7 a5 51. bxa6 Kd6 52. Rh7
Bd2 53. a7 Ba5 54. a8=Q Bc3 55. Qd8+ Kc5 56. Qc7+ Kb5 57. Qc4+ Ka5 58. Ra7# 1-0

[Event "Junior Online 4NCL Division 3"]
[Site "online"]
[Date "2020.04.16"]
[Round "1.24"]
[White "Benhamou, Nathan"]
[Black "He, Andy"]
[Result "0-1"]
[WhiteElo "1382"]
[BlackElo "1382"]
[PlyCount "190"]
[EventDate "2020.04.16"]
[WhiteTeam "Harrow Juniors B"]
[BlackTeam "Dulwich College Junior"]

1. e4 e5 2. Nf3 Nc6 3. Nc3 Nf6 4. Bb5 Bb4 5. O-O O-O 6. a3 Ba5 7. d3 d6 8. Bg5
Bxc3 9. bxc3 h6 10. Bh4 a6 11. Bxc6 bxc6 12. Rb1 Be6 13. Rb7 Rb8 14. Bxf6 Qxf6
15. Rxc7 Qd8 16. Rxc6 a5 17. d4 f6 18. dxe5 fxe5 19. Nxe5 dxe5 20. Rxe6 Qg5 21.
Rd6 Rb7 22. Rd5 a4 23. Re1 Qf4 24. f3 Qf6 25. Qa1 Qb6+ 26. Kh1 Qf2 27. Qc1 Qb6
28. Rdd1 Qb5 29. Qb1 Qa6 30. Qa1 Rc8 31. Rd5 Qc6 32. Qa2 Kh7 33. Rd3 Qg6 34.
Qd5 Rb2 35. Rc1 Qg5 36. Rdd1 Re8 37. Rg1 Rc8 38. c4 Rcb8 39. c5 Qe3 40. Qd3
Qxc5 41. h3 Qe7 42. Kh2 Qe6 43. Rgf1 Ra2 44. Rb1 Rc8 45. Rfc1 Qc6 46. h4 Qc5
47. Kh3 Rxa3 48. Qd5 Qc7 49. Rb2 Rc3 50. Qd2 a3 51. Ra2 Rc4 52. Kg3 Rd4 53. Qe2
Rc4 54. Kh3 Rc6 55. Kh2 Qe7 56. g3 Qe6 57. Rxa3 Rb6 58. c4 Rbc6 59. Rac3 Qf7
60. R1c2 Rc5 61. Kg2 R5c6 62. f4 exf4 63. gxf4 Qxf4 64. Rf3 Qxh4 65. e5 Rxc4
66. e6 Rxc2 67. Rh3 Rxe2+ 68. Kf3 Qf6+ 69. Kxe2 Qxe6+ 70. Re3 Qa6+ 71. Rd3 g5
72. Ke3 Re8+ 73. Kf3 Qxd3+ 74. Kg4 Qe4+ 75. Kh5 Qh1+ 76. Kg4 h5+ 77. Kxg5 Rg8+
78. Kf5 Qf3+ 79. Ke6 Re8+ 80. Kd7 Qf7+ 81. Kc6 Re6+ 82. Kd5 Qf5+ 83. Kd4 Re4+
84. Kc3 Qf3+ 85. Kd2 Qe2+ 86. Kc3 Qc4+ 87. Kd2 Re5 88. Kd1 Qd3+ 89. Kc1 Re4 90.
Kb2 Qc4 91. Kb1 Qc3 92. Ka2 Qb4 93. Ka1 Re7 94. Ka2 Rb7 95. Ka1 Qa5# 0-1